000 00579cam a22002051 4500
001 ca 36001248
003 DLC
005 20260227111143.0
008 800130s1935 mnua 000 0 eng
010 _aca 36001248
035 _a(OCoLC)5927515
040 _aDLC
_cOCl
_dDLC
042 _apremarc
050 0 0 _aPS3537.P442
_bG7 1935
082 _a812.5
100 1 _aSpence, Wall.
245 1 4 _a"The green phantom",
_ba mystery play in three acts,
_cby Wall Spence.
260 _aMinneapolis, Minn.,
_bThe Northwestern press,
_cc1935.
300 _a102, [5] p.
_bdiagr.
_c19 cm.
999 _c18233
_d18233